County Seats Of Nebraska - Statistics

General Stats
  • This quiz has been taken 41 times
  • The average score is 43 of 93
Answer Stats
County Seat % Correct
Lancaster Lincoln
94%
Douglas Omaha
94%
Hall Grand Island
89%
Adams Hastings
78%
Buffalo Kearney
78%
Lincoln North Platte
78%
Custer Broken Bow
72%
Cherry Valentine
72%
Dawes Chadron
67%
Chase Imperial
67%
Box Butte Alliance
61%
Gage Beatrice
61%
Dakota Dakota City
61%
Scotts Bluff Gering
61%
Red Willow McCook
61%
Otoe Nebraska City
61%
Sarpy Papillion
61%
____ York
61%
Platte Columbus
56%
Jefferson Fairbury
56%
________ Franklin
56%
Dodge Fremont
56%
Grant Hyannis
56%
Keith Ogallala
56%
Holt O'Neill
56%
Saunders Wahoo
56%
Brown Ainsworth
50%
Hamilton Aurora
50%
Washington Blair
50%
_______ Kimball
50%
Kearney Minden
50%
Valley Ord
50%
Cass Plattsmouth
50%
Webster Red Cloud
50%
______ Seward
50%
Cheyenne Sidney
50%
Cuming West Point
50%
Dundy Benkelman
44%
Boyd Butte
44%
Butler David City
44%
Richardson Falls City
44%
Sioux Harrison
44%
Cedar Hartington
44%
_____ Hayes Center(Hayes County)
44%
Thayer Hebron
44%
Phelps Holdrege
44%
Dawson Lexington
44%
Hooker Mullen
44%
Pawnee Pawnee City
44%
Thurston Pender
44%
Colfax Schuyler
44%
Harlan Alma
39%
Rock Bassett
39%
Blaine Brewster
39%
Garfield Burwell
39%
____ Clay Center (Clay County)
39%
Perkins Grant
39%
_______ Madison
39%
Nuckolls Nelson
39%
Polk Osceola
39%
Garden Oshkosh
39%
Sheridan Rushville
39%
Keya Paha Springview
39%
_______ Stanton
39%
Loup Taylor
39%
Johnson Tecumseh
39%
Burt Tekamah
39%
Thomas Thedford
39%
_____ Wayne
39%
Saline Wilber
39%
Boone Albion
33%
______ Arthur
33%
Nemaha Auburn
33%
Knox Center
33%
Merrick Central City
33%
Gosper Elwood
33%
Nance Fullerton
33%
Fillmore Geneva
33%
Banner Harrisburg
33%
Sherman Loup City
33%
Antelope Neligh
33%
Howard Saint Paul
33%
Logan Stapleton
33%
Hitchcock Trenton
33%
Wheeler Bartlett
28%
Furnas Beaver City
28%
Morrill Bridgeport
28%
_______ Greeley
28%
______ Pierce
28%
Dixon Ponca
28%
Frontier Stockville
28%
Deuel Chappell
22%
McPherson Tryon
22%
No matching quizzes found
Score Distribution
Percent of People with Each Score
Percentile by Number Answered
Your Score History
You have not taken this quiz